|
|
|
|
| LEADER |
01687nam a2200457 a 4500 |
| 001 |
000809789 |
| 003 |
CZ BrMZK |
| 005 |
20060320133625.0 |
| 007 |
ta |
| 008 |
060227s2005 xr a erp 000 0 cze |
| 015 |
|
|
|a cnb001644513
|
| 020 |
|
|
|a 80-7044-684-6
|q (brož.)
|
| 035 |
|
|
|a (OCoLC)83979351
|
| 040 |
|
|
|a BOA001
|b cze
|
| 072 |
|
7 |
|a 502
|x Životní prostředí a jeho ochrana
|2 Konspekt
|9 2
|
| 072 |
|
7 |
|a 37.016
|x Učební osnovy. Vyučovací předměty. Učebnice
|2 Konspekt
|9 22
|
| 080 |
|
|
|a 502.17
|2 MRF
|
| 080 |
|
|
|a 502.171:502.51
|2 MRF
|
| 080 |
|
|
|a 628.31/.35
|2 MRF
|
| 080 |
|
|
|a 351.79
|2 MRF
|
| 080 |
|
|
|a (075.8)
|2 MRF
|
| 100 |
1 |
|
|a Richter, Miroslav,
|d 1948-
|7 jx20031223010
|4 aut
|
| 245 |
1 |
0 |
|a Technologie ochrany životního prostředí.
|n Část I,
|p Ochrana čistoty vod /
|c Miroslav Richter
|
| 246 |
3 |
0 |
|a Ochrana čistoty vod
|
| 250 |
|
|
|a Vyd. 1.
|
| 260 |
|
|
|a Ústí nad Labem :
|b Fakulta životního prostředí UJEP Ústí nad Labem,
|c 2005
|
| 300 |
|
|
|a 79 s. :
|b il. ;
|c 30 cm
|
| 490 |
1 |
|
|a Skripta
|
| 500 |
|
|
|a Na obálce název části: Ochrana čistoty vody
|
| 500 |
|
|
|a 300 výt.
|
| 504 |
|
|
|a Obsahuje bibliografii
|
| 650 |
0 |
7 |
|a ochrana životního prostředí
|7 ph115553
|2 czenas
|
| 650 |
0 |
7 |
|a ochrana vod
|7 ph123666
|2 czenas
|
| 650 |
0 |
7 |
|a čištění odpadních vod
|7 ph128183
|2 czenas
|
| 650 |
0 |
7 |
|a vodní právo
|7 ph127162
|2 czenas
|
| 655 |
|
7 |
|a učebnice vysokých škol
|7 fd133772
|2 czenas
|
| 810 |
2 |
|
|a Univerzita J.E. Purkyně v Ústí nad Labem.
|t Skripta
|0 s
|
| 910 |
2 |
|
|a BOA001
|b 3-1144.855,1
|
| 990 |
|
|
|a BK
|
| 991 |
|
|
|b 200603
|c NOV
|
| 996 |
6 |
|
|b 2610273854
|c 3-1144.855,1
|l MZK
|r Sklad / do 1 hodiny
|n 7
|p p.v.
|w 000809789
|u 000010
|a 1
|e BOA001
|j MZK50
|s P
|